Missing Middles Medley: N Quiz Stats

 Plays Quiz Updated Jun 23, 2020

Support Sporcle.
Go Orange.
Score 0/36 Timer 05:00
0 Plays Today
% Correct
N'
95%
Night
94.8%
New
94.1%
Newton
93.8%
Nice
93%
Ninja
92.6%
Nine
92%
Need
91.9%
Nicole
91.2%
Name
90.3%
Neat
89.4%
Neverending
89.1%
Not
88.9%
Never
88.9%
Notorious
88.6%
Nightly
88.4%
No
81.6%
Nelson
79.9%
% Correct
Number
78.4%
Needs
77.9%
Newlywed
77.6%
Nanny
73.8%
Nervous
72.1%
Now
71.7%
Neighbor
70.9%
Naked
70.5%
Nation
69.7%
Neale
68.9%
Nukem
68.2%
Ninth
68%
Nobis
67.3%
Nast
64.7%
Nut
62.6%
Non
60.9%
Neon
40.5%
Nude
29.2%

You're not logged in!

Compare scores with friends on all Sporcle quizzes.
OR
Log In

From the Vault

Sporcle Categorical Grab Bag: Begins with 'D'

by Pushcake

Don't delay! Drop what you're doing and deftly demonstrate the depth of your diverse knowledge.
Remove Ads.
Support Sporcle.
Get the best of Sporcle when you Go Orange. This ad-free experience offers more features, more stats, and more fun while also helping to support Sporcle. Thank you for becoming a member.

Show Comments

Extras

Top Quizzes Today


Score Distribution

Your Account Isn't Verified!

In order to create a playlist on Sporcle, you need to verify the email address you used during registration. Go to your Sporcle Settings to finish the process.

Report this User

Report this user for behavior that violates our Community Guidelines.

Details: